00583 2200193 4500001002100000005001500021035002000036245008400056100001700140250001700157300003300174260005300207082001000260084001600270020002200286650002400308008004100332990001600373INLIS00000000000054220250430065402 a0010-08240000601 aCinta Al-Qur'an dan Hadis :buntuk Kelas VI Madrasah Ibtidaiyah /cChoirul Fata0 aChoirul Fata aCetakan Ke-1 axii, 84 hlm :bIlus ;c25 cm aSolo :bPT Tiga Serangkai Pustaka Mandiri,c2008 a2X1.1 a2X1.1 CHO c a978-979-018-289-9 4aBuku Teks Pelajaran250430 0  a00000002695